00385nam a2200145 4500020001800000082002100018100002100039245006100060260003100121300001000152650001800162650002300180650001500203700002100218 a9781786584328 a823(FTr.)bSAT/M aSatishi Yagisawa aMore days at the Morisaki bookshop/cby Satishi Yagisawa aUK:bManilla press,c2024. a167p. aNovel English aLiterature English aLiterature aEric Ozawa (tr.)